[Event "Moscow Botvinnik Memorial Cup"]
[Site "Moscow"]
[Date "2022.08.22"]
[Round "7.3"]
[White "Azimov, Aslan"]
[Black "Abbasov, Farid"]
[Result "1/2-1/2"]
[WhiteElo "1359"]
[BlackElo "2487"]
[PlyCount "45"]
[EventDate "2022.08.18"]
[EventType "team-tourn"]
[EventRounds "9"]
[EventCountry "RUS"]
[SourceTitle "CBM 209 Extra"]
[Source "ChessBase"]
[SourceDate "2022.09.30"]
[SourceVersion "1"]
[SourceVersionDate "2022.09.30"]
[SourceQuality "1"]
[WhiteTeam "Kyrgyzstan"]
[BlackTeam "Azerbaijan"]
[WhiteTeamCountry "KGZ"]
[BlackTeamCountry "AZE"]

1. d4 d6 2. c4 e5 3. dxe5 dxe5 4. Qxd8+ Kxd8 5. Nc3 Be6 6. e3 Nd7 7. Bd2 c6 8. 0-0-0 Kc7 9. Nf3 f6 10. Be2 Nh6 11. h3 Be7 12. e4 Nf7 13. Ne1 Bc5 14. f3 Nb6 15. b3 h5 16. Nc2 a5 17. Be3 Bxe3+ 18. Nxe3 h4 19. c5 Nd7 20. Na4 Rhd8 21. Bc4 Nf8 22. a3 Ng5 23. Kb2 1/2-1/2